<?xml version="1.0" encoding="UTF-8"?>
<record
    xmlns:xsi="http://www.w3.org/2001/XMLSchema-instance"
    xsi:schemaLocation="http://www.loc.gov/MARC21/slim http://www.loc.gov/standards/marcxml/schema/MARC21slim.xsd"
    xmlns="http://www.loc.gov/MARC21/slim">

  <leader>02608nam a22002774a 4500</leader>
  <controlfield tag="003">BOLpUSFA</controlfield>
  <controlfield tag="005">20260420173807.0</controlfield>
  <controlfield tag="008">      t        bo     grm    001 | spa||</controlfield>
  <datafield tag="040" ind1=" " ind2=" ">
    <subfield code="a">BOLpUSFA</subfield>
  </datafield>
  <datafield tag="041" ind1=" " ind2=" ">
    <subfield code="a">spa</subfield>
  </datafield>
  <datafield tag="044" ind1=" " ind2=" ">
    <subfield code="a">BO</subfield>
  </datafield>
  <datafield tag="082" ind1=" " ind2=" ">
    <subfield code="a">ADM0040</subfield>
    <subfield code="b">D693aPG</subfield>
  </datafield>
  <datafield tag="100" ind1=" " ind2=" ">
    <subfield code="a">Dorado Mollo, Yecid Alfredo</subfield>
  </datafield>
  <datafield tag="245" ind1=" " ind2=" ">
    <subfield code="a">An&#xE1;lisis de factibilidad para la creaci&#xF3;n de una Empresa Courier en el Aeropuerto Internacional de El Alto</subfield>
  </datafield>
  <datafield tag="260" ind1=" " ind2=" ">
    <subfield code="a">El Alto: </subfield>
    <subfield code="b">Universidad Privada San Francisco de As&#xED;s. Carrera de Administraci&#xF3;n de Empresas, </subfield>
    <subfield code="c">2025</subfield>
  </datafield>
  <datafield tag="300" ind1=" " ind2=" ">
    <subfield code="a">162 p.</subfield>
  </datafield>
  <datafield tag="502" ind1=" " ind2=" ">
    <subfield code="a">Modalidad: Proyecto de Grado - 
Tutor: Ing. Carlos Eduardo Villarroel Prieto</subfield>
  </datafield>
  <datafield tag="520" ind1=" " ind2=" ">
    <subfield code="a">El presente estudio analiza la factibilidad de crear una empresa de courier a&#xE9;reo, en 
el Aeropuerto Internacional de El Alto, ante una situaci&#xF3;n de monopolio que limita la 
competencia y eleva los costos log&#xED;sticos en la regi&#xF3;n. Actualmente, una sola empresa 
opera  con  control  absoluto  del  servicio  Courier,  lo  que  restringe  la  oferta,  afecta  la 
calidad  del  servicio  y  dificulta  el  crecimiento  de  las  empresas  locales.  Esta 
problem&#xE1;tica  se  enmarca  en  una  estructura  aeroportuaria  nacional  altamente 
concentrada en manos del Estado, con entidades como SABSA, NAABOL, ATT y la 
aerol&#xED;nea estatal BOA dominando el mercado. 

El objetivo general fue evaluar la viabilidad t&#xE9;cnica, legal, econ&#xF3;mica y comercial para 
establecer una empresa Courier a&#xE9;rea. Como objetivos espec&#xED;ficos, se desarroll&#xF3; un 
estudio  de  mercado  para  identificar  la  demanda,  se  dise&#xF1;&#xF3;  un  modelo  de  gesti&#xF3;n 
administrativa  y  se  propusieron  estrategias  de  marketing  basadas  en  la  mezcla  de 
servicios (7Ps). 

La  metodolog&#xED;a  aplicada  combin&#xF3;  investigaci&#xF3;n  documental,  an&#xE1;lisis  de  mercado, 
entrevistas con actores clave y evaluaci&#xF3;n financiera mediante indicadores como el 
VAN (Bs. 66,072.40) y la TIR (57%), con una tasa de descuento del 20%. 
Los resultados demuestran que el proyecto es econ&#xF3;micamente rentable y responde 
a una necesidad real del entorno empresarial de El Alto y La Paz. Se concluye que la 
implementaci&#xF3;n  de  una  empresa  Courier  a&#xE9;rea  permitir&#xED;a  mejorar  la  eficiencia 
log&#xED;stica,  reducir  la  dependencia  de  un  &#xFA;nico  operador  y  fomentar  un  entorno  m&#xE1;s 
competitivo en el sector. 
</subfield>
  </datafield>
  <datafield tag="650" ind1=" " ind2=" ">
    <subfield code="a">Administraci&#xF3;n de Empresas</subfield>
  </datafield>
  <datafield tag="650" ind1=" " ind2=" ">
    <subfield code="a">Proyecto de Grado</subfield>
  </datafield>
  <datafield tag="650" ind1=" " ind2=" ">
    <subfield code="a">Estudio de factibilidad</subfield>
  </datafield>
  <datafield tag="650" ind1=" " ind2=" ">
    <subfield code="a">Empresa de correo</subfield>
  </datafield>
  <datafield tag="650" ind1=" " ind2=" ">
    <subfield code="a">Correos</subfield>
  </datafield>
  <datafield tag="651" ind1=" " ind2=" ">
    <subfield code="a">El Alto</subfield>
  </datafield>
  <datafield tag="942" ind1=" " ind2=" ">
    <subfield code="2">ddc</subfield>
    <subfield code="c">TE</subfield>
    <subfield code="z">LLO</subfield>
  </datafield>
  <datafield tag="999" ind1=" " ind2=" ">
    <subfield code="c">9688</subfield>
    <subfield code="d">9688</subfield>
  </datafield>
  <datafield tag="952" ind1=" " ind2=" ">
    <subfield code="0">0</subfield>
    <subfield code="1">0</subfield>
    <subfield code="2">ddc</subfield>
    <subfield code="4">0</subfield>
    <subfield code="7">0</subfield>
    <subfield code="8">2</subfield>
    <subfield code="a">BEA</subfield>
    <subfield code="b">BEA</subfield>
    <subfield code="c">3</subfield>
    <subfield code="d">2026-03-30</subfield>
    <subfield code="e">4</subfield>
    <subfield code="l">0</subfield>
    <subfield code="o">ADM0040 D693aPG</subfield>
    <subfield code="p">BEA01536</subfield>
    <subfield code="r">2026-03-30</subfield>
    <subfield code="w">2026-03-30</subfield>
    <subfield code="y">TE</subfield>
  </datafield>
</record>
